000
00356nam a2200145 a 4500
005
20140412111317.0
008
010320s19uu xx 00 eng d
020
_a
983-9556-65-7
050
_a
ER
_b
Nu93 1993
245
_a
Nursery rhymes.
260
_a
Kuala, Lumpur :
_b
MECRON,
_c
[s.n.]
300
_a
[16] p. ; ill.
650
_a
Rhymes
999
_c
104256
_d
104256